000
00280nam a2200121Ia 4500
999
_c
14302
_d
14302
008
260210s9999 xx 000 0 und d
020
_a
9780727758149
082
_a
711.73
100
_a
Hill
245
0
_a
Car Park Designers' Handbook, 2Nd Ed.
260
_b
TTL
942
_c
UG
_2
ddc